000 00716nam a2200217 i 4500
001 44529
003 ES-MaACL
005 20250829103230.0
007 t|
008 030321s1960 sp ||||1| spa d
110 1 _aArgentina
_91475
240 1 0 _aCódigo civil, 1872
245 1 0 _aCódigo civil de la República Argentina /
_cestudio preliminar de José María Mustapich.
260 _aMadrid :
_bInstituto de Cultura Hispánica,
_c1960 (
_fUguina)
300 _a999 p. ;
_c24 cm.
650 4 _aDerecho civil-
_zArgentina.
_9171530
700 1 _aMustapich, José María.
_984709
710 2 _aInstituto de Cultura Hispánica (España)
_94854
852 _aES-MaACL
_jC-21333
999 _c44529
_d44529